La responsabilidad civil de producto

Guardado en:
Detalles Bibliográficos
Autor principal: Fernández Romo, María del Mar (Autor)
Formato: Libro
Lenguaje:español
Publicado: Madrid Editoriales de Derecho Reunidas 1997
Materias:
Etiquetas: Agregar Etiqueta
Sin Etiquetas, Sea el primero en etiquetar este registro!

MARC

LEADER 00000nam a2200000 a 4500
001 UCP2068
003 CL-VaPUC
008 990507e19970000SP |||||||||||||||||spa|d
082 0 4 |a 343.075  |b FER  |2 21 
100 0 |a Fernández Romo, María del Mar  |e author  |9 428511 
245 1 3 |a La responsabilidad civil de producto 
300 |a 197 p 
942 |c BK 
945 |d 19990507 00:00:00  |a rbrito 
260 |a Madrid  |b Editoriales de Derecho Reunidas  |c 1997 
650 0 |a Derechos del consumidor  |9 367388 
650 0 |a Producción   |9 263680 
650 7 |a ETICA INDUSTRIAL  |2 CL-VaPUC  |9 428512 
650 7 |a RESPONSABILIDAD CIVIL  |2 CL-VaPUC  |9 428513 
650 0 |a Jurisprudencia  |9 255952 
650 7 |a CALIDAD DEL PRODUCTO  |2 CL-VaPUC  |9 428514 
650 0 |a Aspectos jurídicos  |9 328188 
583 |a last modification  |c 19990507 00:00:00  |k Rodrigo Vera 
999 |c 280668  |d 280666 
952 |0 0  |1 0  |4 0  |6 343_075000000000000_FER_1997  |7 0  |8 A  |9 321118  |a BIBDER  |b BIBDER  |d 2019-11-20  |i 3489213  |o 343.075 FER 1997  |p 3489213  |r 2023-01-25  |w 2019-11-20  |y BK  |k DER